| 000 | 00554nam a2200193Ia 4500 | ||
|---|---|---|---|
| 003 | IN-BaIIA | ||
| 008 | 211028s9999 xx 000 0 eng d | ||
| 020 | _a0-444-82140-6 | ||
| 040 | _cIIA Library | ||
| 080 |
_a047.1:535 _bPRO-34 |
||
| 245 | 0 |
_aProgress in optics _bvol. 34 _cedited by E. Wolf |
|
| 260 |
_aAmsterdam _bElsevier _c1995 |
||
| 300 | _ax, 432p. | ||
| 650 | _aAstronomy and astrophysics Thesaurus | ||
| 650 | _aOptics | ||
| 650 |
_aPhysics _973 |
||
| 700 |
_aWolf, E ed. _93849 |
||
| 942 | _cBK | ||
| 999 |
_c12364 _d12364 |
||